| 000 | 00894nam a2200205 i 4500 | ||
|---|---|---|---|
| 001 | 32896 | ||
| 003 | ES-MaACL | ||
| 005 | 20230906154646.0 | ||
| 007 | t| | ||
| 008 | 030131s1966 sp ||||1| spa d | ||
| 100 | 1 |
_aBenkoe, Antoine. _927714 |
|
| 245 | 1 | 0 |
_aExamen de la personalidad en los candidatos al sacerdocio _b: estudio empírico realizado en España sobre los factores de predicción del éxito psicológico en los candidatos al sacerdocio / _cAntoine Benkoe, Joseph Nuttin ; con una segunda parte original de Sabino Ayestarán ; [traducción por Adrian Varela Morante y Leonardo S. Higueras]. |
| 260 |
_aMadrid : _bRazón y Fé, _c1966. |
||
| 300 |
_a271 p. ; _c21 cm. |
||
| 700 | 1 |
_aNuttin, Joseph. _986254 |
|
| 700 | 1 |
_aAyestarán, Sabino. _924156 |
|
| 700 | 1 |
_aVarela Morante, Adrian. _9113166 |
|
| 700 | 1 |
_aHigueras, Leonardo S. _963653 |
|
| 852 |
_aES-MaACL _jC-31808 _bR.62310 |
||
| 999 |
_c32896 _d32896 |
||